Demographic Processes and Brief Overview of Population Research in Czechia and Slovakia After Dissolution of the Common State
Článok podáva stručný prehľad demografických procesov a ich výskumu v Česku a na Slovensku v posledných troch desaťročiach, teda v období po rozdelení spoločného československého štátu. Identifikované a opísané sú všeobecné trendy vo vybraných demografických procesoch. Výskum je zhrnutý a kriticky z...
Saved in:
| Main Author: | |
|---|---|
| Other Authors: | , , , |
| Format: | Book Chapter |
| Language: | English Slovak |
| Subjects: | |
| Tags: |
No Tags, Be the first to tag this record!
|
MARC
| LEADER | 00000naa a2200000 4500 | ||
|---|---|---|---|
| 001 | 0307008 | ||
| 005 | 20250213134131.1 | ||
| 041 | 0 | |a eng | |
| 041 | 0 | |a slo | |
| 044 | |a SK | ||
| 245 | 1 | 0 | |a Demographic Processes and Brief Overview of Population Research in Czechia and Slovakia After Dissolution of the Common State |c Branislav Bleha, Tomáš Kučera, Luděk Šídlo, Branislav Šprocha, Boris Vaňo |
| 520 | |a Článok podáva stručný prehľad demografických procesov a ich výskumu v Česku a na Slovensku v posledných troch desaťročiach, teda v období po rozdelení spoločného československého štátu. Identifikované a opísané sú všeobecné trendy vo vybraných demografických procesoch. Výskum je zhrnutý a kriticky zhodnotený v troch základných oblastiach: analýza najnovších trendov, prognózovanie a aplikovaný demografický výskum. Článok sa viac zameriava na aplikovaný výskum a prognózovanie, zámerne sú vynechané štruktúry a všeobecná dynamika obyvateľstva. | ||
| 610 | 2 | 0 | |a geografia sociálna |
| 610 | 2 | 0 | |a demografia sociálna |
| 610 | 2 | 0 | |a prognózy demografické |
| 610 | 2 | 0 | |a vývoj populačný |
| 610 | 2 | 0 | |a Česko |
| 610 | 2 | 0 | |a Slovensko |
| 610 | 2 | 0 | |a Československo |
| 100 | 1 | |a Bleha, Branislav | |
| 700 | 1 | |a Kučera, Tomáš | |
| 700 | 1 | |a Šídlo, Luděk | |
| 700 | 1 | |a Šprocha, Branislav | |
| 700 | 1 | |a Vaňo, Boris | |